Economía empresarial creativa e innovadora : (Registro nro. 59639)

Detalles MARC
000 -CABECERA
Longitud fija campo de control 02125nam a2200349 c 4500
003 - • IDENTIFICADOR DELl NÚMERO DE CONTROL
Identificador del número de control CO-BoRNBP
005 - • FECHA Y HORA DE LA ÚLTIMA TRANSACCIÓN
Fecha y hora de la última transacción 20251024212458.0
007 - • CAMPO FIJO DE DESCRIPCIÓN FÍSICA
Campo fijo de descripción física ta
008 - • CÓDIGOS DE INFORMACIÓN DE LONGITUD FIJA
Códigos de información de longitud fija 250202s2024 ck a ||gr ||| 00| 0 spa d
020 ## - • NÚMERO INTERNACIONAL NORMALIZADO PARA LIBROS
Número Internacional Normalizado para Libros (ISBN) 9789585084599
040 ## - FUENTE DE LA CATALOGACIÓN
Centro catalogador de origen CO-BoRNBP
Lengua de catalogación spa
Normas de descripción rda
Centro transcriptor CO-BoRNBP
041 0# - • CÓDIGO DE LENGUA
Código de lengua del texto/banda sonora o título independiente spa
043 ## - CÓDIGO DE ÁREA GEOGRÁFICA
Código de área geográfica cl-----
082 04 - • NÚMERO DE LA CLASIFICACIÓN DECIMAL DEWEY
Número de clasificación (R) 338.98
Número del ítem B27e
Número de edición 23
100 ## - • PUNTO DE ACCESO PRINCIPAL-NOMBRE DE PERSONA
Nombre de persona Berghe Romero, Edgar van den
Término indicativo de función aut
245 10 - • TITULO PROPIAMENTE DICHO
Título Economía empresarial creativa e innovadora :
Resto del título piensa diferente, piense creativo, piense innovador /
Mención de responsabilidad, etc. Edgar Van Den Berghe Romero.
250 ## - • MENCIÓN DE EDICIÓN
Mención de edición Edición especial
264 #1 - PRODUCCIÓN, PUBLICACIÓN , DISTRIBUCIÓN, FABRICACIÓN Y COPYRIGHT
Lugar de producción, publicación, distribución, fabricación Bogotá, Colombia :
Nombre del productor, editor, distribuidor, fabricante Ecoe Ediciones,
Fecha de de producción, publicación, distribución, fabricación o copyright 2024
300 ## - • DESCRIPCIÓN FÍSICA
Extensión xix, 178 páginas :
Otras características físicas ilustraciones en blanco y negro
336 ## - TIPO DE CONTENIDO
Término de tipo de contenido texto
Código de tipo de contenido txt
Fuente rdacontent
337 ## - TIPO DE MEDIO
Nombre del tipo de medio sin mediación
Código del tipo de medio n
Fuente rdamedia
338 ## - TIPO DE SOPORTE
Nombre del tipo de soporte volumen
Código del tipo de soporte nc
Fuente rdacarrier
504 ## - • NOTA DE BIBLIOGRAFÍA, ETC
Nota de bibliografía, etc. Incluye bibliografía e índice temático
520 ## - • NOTA DE RESUMEN
Resumen, etc, El libro describe qué es la economía creativa, de moda en Latinoamérica y en el mundo entero, con una tendencia infinita a su aplicación; qué debemos hacer y cómo hacer para crearla, investigarla, desarrollarla e implementarla para ser más competitivos internacionalmente. Incluye la economía creativa en la época de crisis originada por la pandemia de COVID-19 y su relevancia para la recuperación económica latinoamericana. Explica la importancia de la economía creativa para las personas, las empresas y los países. Además, contiene ejemplos de empresas pequeñas, medianas y grandes que han aplicado los principios básicos de la economía creativa, como son la creatividad y la innovación, con excelentes resultados en el contexto nacional e internacional. Al final, ofrece los elementos para que el lector cree su propia empresa creativa e innovadora
521 ## - • NOTA DE PÚBLICO DESTINATARIO
Nota público destinatario (R ) Recomendado para un público mayor de 18 años
545 ## - DATOS BIOGRÁFICOS O HISTÓRICOS
Datos bigr´ficos o históricos Incluye datos biográficos del autor
650 07 - • PUNTO DE ACCESO ADICIONAL DE MATERIA - TÉRMINO DE MATERIA
Término de materia o nombre geográfico como elemento inicial Aptitud creadora en los negocios
Subdivisión geográfica América Latina
Fuente del encabezamiento o término LEMB
650 00 - • PUNTO DE ACCESO ADICIONAL DE MATERIA - TÉRMINO DE MATERIA
Término de materia o nombre geográfico como elemento inicial Economía de la cultura
Subdivisión geográfica América Latina
Fuente del encabezamiento o término LEMB
650 07 - • PUNTO DE ACCESO ADICIONAL DE MATERIA - TÉRMINO DE MATERIA
Término de materia o nombre geográfico como elemento inicial Innovaciones industriales
Fuente del encabezamiento o término lemb
942 ## - ENTRADA DE ELEMENTOS AGREGADOS (KOHA)
Fuente de clasificaión o esquema Dewey Decimal Classification
Koha [por defecto] tipo de item LIbro
Existencias
Perdido Fuente de clasificación o esquema Estado Físico No para préstamo Forma de adquisición Localización permanente Localización actual Localización en estanterías Fecha adquisición Préstamos totales Signatura completa Código de barras Fecha última consulta Número de copia Fecha del precio de reemplazo Tipo de item de Koha Fuente de adquisición Calificador de ubicación codificada
  Dewey Decimal Classification     Colección General Biblioteca Pública Lejanias Biblioteca Pública Lejanias General 10/24/2025   338.98 B27e LEJ01084 10/24/2025 Ej.1 10/24/2025 LIbro    
  Dewey Decimal Classification     Sala General Biblioteca Pública Puerto López - Jorge Eliecer Gaitán Biblioteca Pública Puerto López - Jorge Eliecer Gaitán General 05/08/2026   338.98 B27e PLZ04415 05/08/2026 Ej.1 05/08/2026 LIbro    
  Dewey Decimal Classification     Colección General Biblioteca Pública La Macarena Biblioteca Pública La Macarena General 11/05/2025   338.98 B27e LM03528 11/05/2025 Ej.1 11/05/2025 LIbro    
  Dewey Decimal Classification     Colección General Biblioteca Pública Mapiripan Biblioteca Pública Mapiripan General 10/31/2025   338.98 B27e MAP00004616 10/31/2025 Ej.1 10/31/2025 LIbro    
  Clasificación Local Facetada     Colección General Biblioteca Pública Puerto Concordia Biblioteca Pública Puerto Concordia General 02/05/2026   338.98 B27e PCON00727 02/05/2026 Ej.1 02/05/2026 LIbro    
  Dewey Decimal Classification     Colección General Biblioteca Pública Rural El Yarí- vereda Playa Rica La Macarena Biblioteca Pública Rural El Yarí- vereda Playa Rica La Macarena General 10/16/2025   338.98 B27e 9789585084599 11/10/2025 Ej.1 11/10/2025 LIbro ministerio de cultura 9789585084599
  Dewey Decimal Classification       Biblioteca Pública Vistahermosa Biblioteca Pública Vistahermosa General 02/19/2026   338.98 B27e VIST 0002745 02/19/2026 Ej.1 02/19/2026 LIbro DONACION RED DE BIBLIOTECA  









Instituto Departamental de Cultura del Meta - Red Departamental de Bibliotecas Públicas del Meta.